Normal view
MARC view
- Nasir,Ayesha Shahab,Mihahil & Saeed,Muhammad Ahmad
Entry Personal Name
001 - CONTROL NUMBER
- control field: 4869
003 - CONTROL NUMBER IDENTIFIER
- control field: NUST
005 - DATE AND TIME OF LATEST TRANSACTION
- control field: 20170922130018.0
008 - FIXED-LENGTH DATA ELEMENTS
- fixed length control field: 170922|| aca||aabn | a|a d
040 ## - CATALOGING SOURCE
- Original cataloging agency: NUST
- Transcribing agency: NUST
100 ## - HEADING--PERSONAL NAME
- Personal name: Nasir,Ayesha Shahab,Mihahil & Saeed,Muhammad Ahmad
670 ## - SOURCE DATA FOUND
- Source citation: Work cat.: (NUST): Nasir,Ayesha Shahab,Mihahil & Saeed,Muhammad Ahmad, Investigating Innocence, 2017
